| 000 | 00400 a2200109 4500 | ||
|---|---|---|---|
| 001 | ART_63441 | ||
| 005 | 20260410162031.0 | ||
| 008 | 260409a | ||
| 245 | 1 | 0 | _aPublicidad, expectativas, orden público y principio de congruencia en procesos entre partes desiguales |
| 100 | 1 | _aRossi, Jorge O. | |
| 773 | 0 |
_tTemas de derecho procesal _g- Año 9, N° 9/10 (sep./oct. 2025) _wREV44095 |
|
| 999 |
_c34015 _d34015 |
||